Random Obscure Capitals - Statistics

General Stats
  • This quiz has been taken 32 times
  • The average score is 9 of 10
Answer Stats
Hint Answer % Correct
Paraguay Asuncion
100%
Mali Bamako
100%
Brunei Bandar Seri Begawan
100%
Belize Belmopan
100%
Kyrgyzstan Bishkek
100%
Guyana Georgetown
100%
Uruguay Montevideo
100%
Kenya Nairobi
100%
Cape Verde Praia
100%
Uzbekistan Tashkent
100%
Laos Vientiane
100%
Croatia Zagreb
100%
Tajikistan Dushanbe
92%
Saint Lucia Castries
89%
Uganda Kampala
88%
Turkmenistan Ashgabat
83%
Botswana Gaborone
83%
Saint Vincent & the Grenadines Kingstown
83%
Gabon Libreville
83%
Niger Niamey
83%
Saint Kitts & Nevis Basseterre
80%
Antigua & Barbuda Saint John's
78%
Grenada Saint George's
77%
Suriname Paramaribo
71%
Zimbabwe Harare
67%
Mauritius Port Louis
60%
No matching quizzes found
Score Distribution
Percent of People with Each Score
Percentile by Number Answered
Your Score History
You have not taken this quiz